000 00410nam a2200121Ia 4500
008 220901s9999||||xx |||||||||||||| ||und||
082 _a005.71 ACM
100 _aACM(Association Computing Machinery)
_914221
245 0 _aACM SIGCOMM: communication and computer networks
250 _aVol, 38 Issue No. 1, 2 & 3
260 _bACM(Association Computing Machinery)
_c2008
650 _aComputer Communication Review
999 _c193296
_d193296